000 02209nam0a2200337 i 4500
001 RU\NLR\BIBL_A\010785567
005 20240921110455.0
010 _a9785917971650
_91000
035 _a(NILC)RuMoRGB-007889846
035 _a(NLR Aleph) 010785567
090 _a10089417
_c10089417
100 _a20150619d2014 k y0rusy50 ca
101 0 _arus
102 _aRU
105 _aa j 010yy
200 1 _aВлияние технологических факторов на свойства металлов и сплавов
_e[учебное пособие
_eпо специальности 150400.62 "Металлургия", профиль: "Металлургия сварочного производства"]
_fРайков С. В., Ващук Е. С.
_gМ-во образования и науки Рос. Федерации, Федер. гос. бюджет. образоват. учреждение высш. проф. образования "Сибирский гос. индустриальный ун-т"
210 _aНовокузнецк
_cПолиграфист
_cИздательский центр СибГИУ
_d2014
215 _a206 с.
_cил.
_d20
300 _aНа тит. л.: Сибирский государственный индустриальный университет, 85 лет
320 _aБиблиогр.: с. 205-206 (27 назв.)
606 1 _aМеталлы
_jУчебные издания для высших учебных заведений
_xФизико-механические свойства
_xВлияние обработки
_91718860
_3RU\NLR\AUTH\66766866
606 1 _aCплавы
_jУчебные издания для высших учебных заведений
_xФизико-механические свойства
_xИсследование
_92218488
_3RU\NLR\AUTH\6601565615
686 1 _aК207я73-1
700 1 _aРайков
_bС. В.
_gСергей Валерьевич
701 1 _aВащук
_bЕ. С.
_gЕкатерина Степановна
801 0 _aRU
_bРГБ
_c20150127
_gRCR
801 1 _aRU
_bРГБ
_c20150127
_2rusmarc
942 _cBOOK
980 _aNBR